| 000 | 00539cam a2200181 4500500 | ||
|---|---|---|---|
| 005 | 20260329001808.0 | ||
| 041 | _afre | ||
| 042 | _adc | ||
| 100 | 1 | 0 |
_aDuru, Martin _eauthor |
| 245 | 0 | 0 | _aJan Patocka : le dissident |
| 260 | _c2009. | ||
| 500 | _a6 | ||
| 690 | _acourage | ||
| 690 | _aDroits de l’homme | ||
| 690 | _aJan Patocka | ||
| 786 | 0 | _nPhilosophie magazine | 29 | 5 | 2009-05-01 | p. 22-23 | 1951-1787 | |
| 856 | 4 | 1 | _uhttps://shs.cairn.info/magazine-philosophie-magazine-2009-5-page-22?lang=fr&redirect-ssocas=7080 |
| 999 |
_c1808701 _d1808701 |
||